Państwa które nie przeszły do finału-Eurowizja 2023 - Statystyki

Ogólne statystyki
  • Ten quiz został rozwiązany 120 razy
  • Średni wynik to 10 z 11
Statystyki odpowiedzi
Nr. Punkty Ilość punktów by się przedostać Odpowiedź % Poprawnych
7 33 41 Gruzja
92%
10 0 74 Rumunia
92%
1 34 3 Łotwa
90%
11 0 74 San marino
90%
3 44 30 Islandia
89%
2 10 27 Irlandia
86%
8 14 60 Grecja
85%
5 4 33 Azerbejdżan
83%
9 6 68 Dania
83%
6 3 34 Malta
83%
4 7 30 Holandia
81%
Nie znaleziono quizów pasujących do podanych kryteriów
Rozkład punktacji
Procent ludzi z każdym wynikiem
Percentyl według liczby udzielonych odpowiedzi
Twoja historia wyników
Nie rozwiązałeś tego quizu